• 首页
  • 本馆介绍
  • 公告通知
  • 最新文献
  • 馆藏检索
  • 电子资源
  • 读者导购
  • 参考咨询
  • 我的图书馆
  • 登录
  • 详细信息显示
  • 放入我的书架
  • 预约/预借图书
  • 作者相关作品
  • 分类相关作品
  • 丛书相关作品
  • 出版社相关作品

书目信息

  • 表格格式
  • 工作单格式
  • 卡片格式
题名:
金钱之死
    
 
作者: 乔尔·库尔茨曼
分册:  
出版信息: 海拉尔   内蒙古文化出版社  1997.06
页数: 305页
开本: 19cm
丛书名:
单 册:
中图分类: F830.57
科图分类:
主题词: 金融 , 银行
电子资源:
ISBN: 7-80506-534-9
000 00562nam0 2200205 45
001 0308271025
005 20030827105646.8
010    @a7-80506-534-9@dRMB16.80
100    @a20030827d1997 km y0chiy0120 ea
101    @achi
105    @a z 000yy
200 1  @a金钱之死@Ajin qian zhi si@f(美)乔尔.库尔茨曼@F(mei)qiao er.ku er ci man
210    @a海拉尔@c内蒙古文化出版社@d1997.06
215    @a305页@c无图表@d19cm
606 0  @a金融
606 0  @a银行
690    @aF830.57@v3
701  0 @a乔尔·库尔茨曼
801    @aCN@b@c20030827
905    @aBZT@dF830.57@e123
    
    金钱之死/(美)乔尔.库尔茨曼.-海拉尔:内蒙古文化出版社,1997.06
    305页:无图表;19cm
    
    
    ISBN 7-80506-534-9:RMB16.80
    
●
相关链接 在五车中查询图书 在当当中查询图书 在豆瓣中查询图书


正题名:金钱之死     索取号:F830.57/123         预约/预借

序号 登录号 条形码 馆藏地/架位号 状态 备注
1 75751   200487204   中心书库北库/ 北库036架A面4列3层81/ [索取号:F830.57/123] 在馆    
2 75752   200487213   中心书库北库/ 北库036架A面4列3层80/ [索取号:F830.57/123] 在馆    
3 75753   200487222   中心书库北库/ 北库036架A面4列3层79/ [索取号:F830.57/123] 在馆    
山东省滨州职业学院图书馆 欢迎您!
大连网信软件有限公司© 版权所有